Flags of the Counties of England - Statistics

General Stats
  • This quiz has been taken 41 times
  • The average score is 15 of 39
Answer Stats
Picture Answer % Correct
Cornwall
88%
Essex
76%
Yorkshire
65%
Lancashire
59%
Devon
53%
Nottinghamshire
53%
Dorset
47%
Hertfordshire
47%
Cheshire
41%
Herefordshire
41%
Kent
41%
Lincolnshire
41%
Oxfordshire
41%
Rutland
41%
Sussex
41%
Worcestershire
41%
Buckinghamshire
35%
Derbyshire
35%
Durham
35%
Gloucestershire
35%
Leicestershire
35%
Norfolk
35%
Northumberland
35%
Staffordshire
35%
Surrey
35%
Warwickshire
35%
Wiltshire
35%
Bedfordshire
29%
Berkshire
29%
Cambridgeshire
29%
Hampshire
29%
Northamptonshire
29%
Somerset
29%
Suffolk
29%
Shropshire
24%
Cumberland
18%
Huntingdonshire
18%
Middlesex
18%
Westmorland
12%
No matching quizzes found
Score Distribution
Percent of People with Each Score
Percentile by Number Answered
Your Score History
You have not taken this quiz